[Event "RUS-ch Rapid Men 2018"]
[Site "Sochi"]
[Date "2018.10.05"]
[Round "4"]
[White "Alexeev, Alexey"]
[Black "Usmanov, Vasily"]
[Result "1-0"]
[WhiteElo "2287"]
[BlackElo "2453"]
[Annotator "TA"]
[PlyCount "137"]
[EventDate "2018.10.05"]
[EventType "swiss"]
[EventCountry "RUS"]
[SourceTitle "playchess.com"]
[Source "ChessBase"]
[SourceQuality "1"]

{[%evp 33,137,0,20,5,70,70,62,25,25,10,19,10,97,108,98,102,124,106,144,112,145,58,418,243,316,305,289,119,114,91,642,91,652,652,638,627,630,625,599,581,833,143,135,50,40,25,43,33,18,-83,0,0,0,-14,0,0,158,154,560,500,689,677,661,675,656,637,631,612,901,882,864,1008,1008,992,1008,1008,1000,1000,1000,992,957,867,847,825,808,708,2412,1952,2496,2236,5243,7539,6031,5368,12812,7539,29977,29978,29975,29978,29986,29987,29987,29987,29987,29988]} 1. e4 e6 2. d4 d5 3. Nd2 c5 4. c3 Nc6 5. Ngf3 cxd4 6. cxd4 Nf6 7. Bd3 dxe4 8. Nxe4 Bb4+ 9. Nc3 O-O 10. O-O b6 11. a3 Be7 12. Re1 Bb7 13. Bc2 Re8 {E57: Nimzo-Indian: Rubinstein: Main Line: 7...Nc6 8 a3 dxc4 9 Bxc4 cxd4} 14. Qd3 g6 15. Bh6 Rc8 16. Rad1 Nd5 17. Ba4 Nxc3 {LiveBook: 7 Games} 18. bxc3 Qd5 (18... Bf8 $11 19. Bc1 h6) 19. c4 $14 Qa5 $146 ({Predecessor:} 19... Qh5 20. Qe3 Red8 21. d5 exd5 22. cxd5 Na5 23. Qxe7 Qxh6 {1-0 (31) Danin,A (2575)-Boidman,Y (2415) Hofheim 2013}) 20. Bxc6 (20. Qb3 {feels hotter.} Qh5 21. Qe3 Qa5 22. Bb5 a6 23. Bxc6 Bxc6 24. Ne5) 20... Bxc6 21. d5 Ba4 22. dxe6 Bxd1 (22... f6 $11 23. Bd2 Qc5) 23. exf7+ $16 Kxf7 24. Qd4 $1 $40 {[%csl Gh6][%cal Rd4g7][%mdl 128] White has strong attack.} (24. Qxd1 Rcd8 $17) 24... Qxe1+ 25. Nxe1 Rcd8 26. Qg7+ Ke6 27. h3 ({White should play} 27. Nf3 $16) 27... Rh8 $2 {[%mdl 8192] [#]} (27... Rd7 $1 $14 28. Qb2 (28. Qxh7 Bh5 $11) 28... Kf7) 28. Bf4 (28. Nd3 $142 $1 {[%mdl 512]} Rxd3 29. Qxh8) 28... a5 29. Qe5+ Kf7 30. g4 (30. Bh6 $18) 30... Rhe8 {White must now prevent ...Bh4.} 31. g5 Bxa3 $2 {[%mdl 8192]} (31... Ba4 $16) 32. Qf6+ $18 Kg8 33. Be5 {[%csl Ge5][%cal Rf6g7]} Bf8 34. Qh8+ Kf7 35. Qxh7+ Ke6 36. Bc7 Rc8 37. Qxg6+ $2 (37. Nd3 $18 {Nf4+ would kill now.} Rxc7 38. Qxc7) 37... Kd7 $16 38. Qd3+ ({But not} 38. Bxb6 Rxe1+ 39. Kg2 Re6 $14) (38. Qf7+ $16 Re7 39. Qd5+ Kxc7 40. Qxd1) 38... Kxc7 $14 39. Qxd1 a4 $1 40. Nd3 a3 {aiming for ...a2.} 41. Nf4 {[#]} (41. Qc2 $11 Ra8 42. Qa2) 41... Bc5 (41... a2 $1 $17 42. Nd5+ Kb8) 42. Nd5+ Kb7 43. Qf3 {Strongly threatening Nb4+.} Rf8 44. Nf6+ Ka7 $2 ({Better is} 44... Rc6 $11 45. Qb3 Ra8) 45. Qb3 $16 Ra8 $2 (45... Kb7 $16 46. Kg2 Ra8) 46. Ne4 $18 Be7 {[#]} 47. c5 $1 {[%mdl 512]} Bxc5 (47... bxc5 48. Qxa3+) 48. Nxc5 bxc5 49. Qxa3+ {[%mdl 4096] Endgame KQ-KRR} Kb6 50. Qb3+ Kc6 51. h4 {[%cal Bh3h4,Bh4h5][%mdl 32]} Rf4 52. Qe6+ Kb5 53. Qe2+ Kc6 54. h5 Raa4 55. Qe6+ Kb5 56. Qd7+ Kb6 57. Qd8+ Kc6 58. h6 Rh4 59. Qe8+ Kd6 60. g6 Rag4+ 61. Kf1 Rh1+ 62. Ke2 Rgg1 63. Qf8+ Ke5 64. Qxc5+ Kf6 65. Qd6+ {White mates.} Kg5 66. g7 Kf5 67. Qd5+ Kf4 68. Qxh1 Rxh1 69. g8=Q {Precision: White = 57%, Black = 31%.} 1-0

[Event "RUS-ch Rapid Men 2018"]
[Site "Sochi"]
[Date "2018.10.05"]
[Round "4"]
[White "Taysayev, Timur"]
[Black "Sviridov, Valery"]
[Result "1-0"]
[WhiteElo "2225"]
[BlackElo "2551"]
[Annotator "TA"]
[PlyCount "66"]
[EventDate "2018.10.05"]
[EventType "swiss"]
[EventCountry "RUS"]
[SourceTitle "playchess.com"]
[Source "ChessBase"]
[SourceQuality "1"]

{[%evp 15,66,0,0,-49,0,-8,-6,-54,-41,-45,-37,-34,-58,-80,-36,-78,-96,-84,-45,-88,-83,-93,-74,-76,-85,-85,-77,-70,-52,-56,-31,-35,24,0,0,0,14,12,16,8,20,31,73,58,71,52,70,71,112,91,230,236,29985]} 1. e4 Nf6 {[%cal Bg8f6,Bf6d5,Bd5b4][%mdl 32]} 2. e5 Nd5 3. d4 d6 4. Nf3 dxe5 5. Nxe5 c6 6. c4 Nb4 {B04: Aljechin-Verteidigung (Moderne Variante)} 7. Na3 (7. Be3 Bf5 8. Nd3 e5 9. Nxb4 Bxb4+ 10. Nc3 Qa5 11. Qb3 Na6 12. Be2 exd4 13. Bxd4 O-O-O 14. Rd1 Rxd4 15. Rxd4 {0-1 (37) Nepomniachtchi,I (2714)-Ivanchuk,V (2704) Beijing 2014}) 7... Bf5 8. Be2 Nd7 {LiveBook: 6 Partien. Mit der Idee ...Sxe5.Die Stellung ist ausgeglichen.} 9. Bf4 e6 $146 (9... Nxe5 {keeps more tension.} 10. Bxe5 f6 11. Bf4 e5 12. dxe5 Nd3+) ({Vorgänger:} 9... Nxe5 10. Bxe5 e6 11. O-O Qd7 12. Re1 f6 13. Bh5+ Kd8 14. Bg3 {1-0 (72) Szalanczy,E (2280)-To,N (2423) Budapest 2010}) 10. O-O Be7 11. Qb3 Nxe5 12. Bxe5 f6 13. Bg3 Qxd4 14. Rad1 Qb6 (14... Qc5 {seems wilder.} 15. Bf4 Qa5 16. Be3 Qc7 17. Bh5+ g6) 15. Bd6 Bxd6 16. Rxd6 O-O 17. g4 Bg6 18. Rxe6 Qc5 19. Qe3 Qxe3 20. Rxe3 Rfe8 21. c5 Rxe3 ({Viel schwächer wäre} 21... Nxa2 22. Bc4+ Bf7 23. Bxf7+ Kxf7 24. Rb3 $11) 22. fxe3 Re8 23. Nc4 Bf7 ({Schwächer ist} 23... Nxa2 24. Nd6 $16) (23... Nd3 $15) 24. a3 Nd5 25. Kf2 b5 26. cxb6 axb6 {[%cal Ba7b6,Bb6b5][%mdl 32]} 27. Bf3 b5 28. Nd6 Re5 29. Rc1 Nxe3 30. Rxc6 Be6 31. Rb6 {[#] Droht Matt per Tb8+.} g5 32. Rxb5 Nxg4+ (32... Rxb5 $16 33. Nxb5 Nxg4+ 34. Bxg4 Bxg4) 33. Bxg4 $18 Rxb5 $2 {Precision: Weiß = 50%, Schwarz = 29%.} (33... Bxg4 $18 34. Rxe5 fxe5) 1-0

[Event "RUS-ch Rapid Men 2018"]
[Site "Sochi"]
[Date "2018.10.05"]
[Round "4"]
[White "Mikhailovsky, Vladimir"]
[Black "Potapov, Pavel"]
[Result "0-1"]
[WhiteElo "2185"]
[BlackElo "2515"]
[Annotator "ChessBase"]
[PlyCount "82"]
[EventDate "2018.10.05"]
[EventType "swiss"]
[EventCountry "RUS"]
[SourceTitle "playchess.com"]
[Source "ChessBase"]
[SourceQuality "1"]
[TimeControl "900+10"]

1. d4 {[%emt 0:00:00]} f5 {[%emt 0:00:00]} 2. g3 {[%emt 0:00:10]} Nf6 {[%emt 0:00:00]} 3. Bg2 {[%emt 0:00:01]} g6 {[%emt 0:00:00]} 4. c4 {[%emt 0:00:12]} Bg7 {[%emt 0:00:00]} 5. Nc3 {[%emt 0:00:03]} O-O {[%emt 0:00:01]} 6. e4 {[%emt 0:00:06]} fxe4 {[%emt 0:00:23]} 7. Nxe4 {[%emt 0:00:04]} d6 {[%emt 0:00:09]} 8. Nxf6+ {[%emt 0:00:12]} Bxf6 {[%emt 0:01:49]} 9. Ne2 {[%emt 0:00:51]} Nc6 {[%emt 0:00:25]} 10. Bh6 {[%emt 0:00:38]} Bg7 {[%emt 0:00:45]} 11. Bxg7 {[%emt 0:00:24]} Kxg7 {[%emt 0:00:01]} 12. O-O {[%emt 0:00:09]} Bg4 {[%emt 0:01:16]} 13. d5 {[%emt 0:00:54]} Ne5 {[%emt 0:00:02]} 14. f4 {[%emt 0:00:09]} Nd7 {[%emt 0:00:16]} 15. Qd4+ {[%emt 0:04:00]} Nf6 {[%emt 0:00:03]} 16. Rae1 {[%emt 0:00:03]} Qd7 {[%emt 0:00:10]} 17. Qc3 {[%emt 0:01:06]} c5 {[%emt 0:03:58]} 18. dxc6 {[%emt 0:00:22]} bxc6 {[%emt 0:00:02]} 19. Nd4 {[%emt 0:00:18]} Rac8 {[%emt 0:02:05]} 20. c5 {[%emt 0:04:01]} d5 {[%emt 0:00:48]} 21. Re5 {[%emt 0:01:50]} Rf7 {[%emt 0:00:04]} 22. Rfe1 {[%emt 0:00:44]} Kg8 {[%emt 0:00:11]} 23. Qe3 {[%emt 0:00:30]} Rc7 {[%emt 0:00:27]} 24. b4 {[%emt 0:00:45]} Bf5 {[%emt 0:00:57]} 25. Nxf5 {[%emt 0:01:15]} gxf5 {[%emt 0:00:01]} 26. Qd4 {[%emt 0:00:13]} Rb7 {[%emt 0:03:14]} 27. Bh3 {[%emt 0:00:14]} Ne4 {[%emt 0:00:13]} 28. g4 {[%emt 0:00:09]} Rg7 {[%emt 0:00:28]} 29. g5 {[%emt 0:00:11]} e6 {[%emt 0:00:01]} 30. a3 {[%emt 0:00:04]} h6 {[%emt 0:00:03]} 31. Kh1 {[%emt 0:00:16]} hxg5 {[%emt 0:00:03]} 32. fxg5 {[%emt 0:00:04]} Qf7 {[%emt 0:00:29]} 33. Bg2 {[%emt 0:00:19]} Nxg5 {[%emt 0:00:07]} 34. a4 {[%emt 0:00:09]} a6 {[%emt 0:00:09]} 35. Qh4 {[%emt 0:00:11]} Qg6 {[%emt 0:00:31]} 36. Qf4 {[%emt 0:00:12]} Ne4 {[%emt 0:00:21]} 37. Bxe4 {[%emt 0:00:02]} fxe4 {[%emt 0:00:03]} 38. Qf2 {[%emt 0:00:10]} Rbf7 {[%emt 0:00:06]} 39. Qe2 {[%emt 0:00:02]} Rf3 {[%emt 0:00:14]} 40. Rf1 {[%emt 0:00:12]} Qf6 {[%emt 0:00:12]} 41. Rxf3 {[%emt 0:00:10]} exf3 {[%emt 0:00:01]} 0-1

[Event "RUS-ch Rapid Men 2018"]
[Site "Sochi"]
[Date "2018.10.05"]
[Round "5"]
[White "Demchenko, Anton"]
[Black "Sharafiev, Azat"]
[Result "1-0"]
[WhiteElo "2679"]
[BlackElo "2432"]
[Annotator "TA"]
[PlyCount "59"]
[EventDate "2018.10.05"]
[EventType "swiss"]
[EventCountry "RUS"]
[SourceTitle "playchess.com"]
[Source "ChessBase"]
[SourceQuality "1"]

{[%evp 19,59,0,0,0,0,5,9,13,22,18,20,22,25,10,15,15,24,24,31,40,54,50,45,47,75,90,88,71,72,80,135,129,131,134,140,139,156,152,287,284,521,520]} 1. e4 c5 2. Nf3 e6 3. g3 d5 4. exd5 exd5 5. d4 Nc6 6. Bg2 {B40: Sicilian: 2...e6, Unusual lines} Bg4 7. O-O cxd4 8. h3 Bxf3 9. Qxf3 Nf6 10. Bg5 Be7 {LiveBook: 15 Games} 11. Bxf6 Bxf6 12. Re1+ Ne7 13. Qxd5 Qxd5 14. Bxd5 {[#]} O-O $146 15. Be4 Nc6 16. Bxc6 bxc6 17. Nd2 Rab8 18. Rab1 d3 19. c3 Rb5 20. Nc4 Rfb8 21. Rbd1 Rc5 22. Re4 Rd5 23. Ne3 Rd7 24. Ng4 d2 (24... c5 $142) 25. Re2 $16 Rbd8 26. Ne3 Bg5 {...Bxe3 would now be nice for Black.} 27. Nc4 Rd5 28. f4 {[%cal Bf2f4,Bf4g5][%mdl 32]} Rc5 (28... Bf6 $16 29. Rexd2 (29. Rdxd2 g6 $16) 29... Rxd2 30. Rxd2 Rxd2 31. Nxd2 Kf8) 29. Rdxd2 $18 ({But not} 29. fxg5 $6 Rxc4 30. Rdxd2 Rb8 $18) 29... Kf8 $2 {[#]} (29... Ra8 30. fxg5 Rxc4) 30. fxg5 {Precision: White = 97%, Black = 18%.} 1-0

[Event "RUS-ch Rapid Men 2018"]
[Site "Sochi"]
[Date "2018.10.05"]
[Round "5"]
[White "Sjugirov, Sanan"]
[Black "Gordievsky, Dmitry"]
[Result "1/2-1/2"]
[WhiteElo "2654"]
[BlackElo "2615"]
[Annotator "TA"]
[PlyCount "85"]
[EventDate "2018.10.05"]
[EventType "swiss"]
[EventCountry "RUS"]
[SourceTitle "playchess.com"]
[Source "ChessBase"]
[SourceQuality "1"]

{[%evp 18,85,47,31,49,30,41,22,27,15,51,28,77,50,35,40,38,31,34,27,36,37,33,25,81,0,4,9,15,15,14,0,39,37,34,0,0,0,0,0,47,0,0,0,0,0,0,0,0,0,0,0,0,0,0,0,0,-8,0,0,0,0,0,0,0,0,0,0,0,0]} 1. e4 c5 2. Nf3 g6 3. d4 cxd4 4. Nxd4 Nc6 5. c4 Nf6 6. Nc3 Nxd4 7. Qxd4 d6 8. Be2 Bg7 9. Be3 O-O 10. Qd2 a5 {B36: Sicilian: Maroczy Bind: Gurgenidze System} 11. Rc1 (11. O-O a4 12. Bd4 Be6 13. f4 Qa5 14. Rad1 Rac8 15. b3 axb3 16. axb3 b5 17. Bxf6 Bxf6 18. Nxb5 Qxd2 19. Rxd2 Ra8 20. Nc7 Ra3 21. Nxe6 fxe6 {1-0 (58) Yu,Y (2759)-Bu,X (2718) Hangzhou 2018}) 11... a4 12. f3 Qa5 13. Kf2 Bd7 14. Rhd1 Rfd8 {[#]} 15. Kg1 $146 ({Predecessor:} 15. Nb5 Qxd2 16. Rxd2 Rdc8 17. Rdc2 Be6 18. h4 {½-½ (69) Popov,I (2608)-Vorobiov,E (2548) Moscow 2018}) 15... Be6 16. Nd5 {[#] Black must now prevent Qxa5.} Qxd2 17. Rxd2 Nxd5 $1 18. cxd5 Bd7 19. Rc7 b5 20. Rdc2 b4 {[#]} (20... e6 $11) 21. b3 (21. Rb7 $1 $16) 21... axb3 22. axb3 Bc3 23. Kf2 Kf8 24. Bd2 (24. Bc4 {is more complex.} Ke8 25. Rb7 Bc8 26. Rb6 Ra1 27. Kg3) 24... Bxd2 (24... Bd4+ {keeps more tension.} 25. Kg3 Rab8 26. Ra2 Bb6 27. Rcc2 Bc5) 25. Rxd2 Ke8 26. Rd4 Rdb8 $1 27. Rc2 Ra3 28. Rb2 e5 29. Rc4 (29. dxe6 $5 Bxe6 30. Rxd6 $14) 29... Kd8 {The position is equal.} 30. h4 h6 31. g3 Ra7 32. f4 f6 33. Ke3 Ra3 34. Kf2 Ra7 35. Ke3 Ra3 36. Bd3 Ke7 37. Kf2 g5 38. hxg5 hxg5 39. fxg5 fxg5 40. Ke3 g4 41. Rc7 Kd8 42. Rc4 Ke7 43. Rc7 {Precision: White = 54%, Black = 61%.} 1/2-1/2

[Event "RUS-ch Rapid Men 2018"]
[Site "Sochi"]
[Date "2018.10.05"]
[Round "5"]
[White "Sarana, Alexey"]
[Black "Bocharov, Ivan"]
[Result "0-1"]
[WhiteElo "2641"]
[BlackElo "2563"]
[Annotator "TA"]
[PlyCount "118"]
[EventDate "2018.10.05"]
[EventType "swiss"]
[EventCountry "RUS"]
[SourceTitle "playchess.com"]
[Source "ChessBase"]
[SourceQuality "1"]

{[%evp 30,118,54,25,12,20,19,0,0,-11,0,-15,0,-23,-27,-29,-16,-30,0,-75,-81,-68,-80,-75,-63,-101,-100,-153,-102,-212,-206,-222,-234,-382,-391,-355,-375,-391,-381,-381,-372,-367,-365,-320,-211,-452,-466,-660,-647,-640,-633,-604,-406,-419,-363,-756,-741,-761,-708,-760,-745,-720,-687,-1471,-1466,-1395,-1328,-1258,-1149,-29965,-5031,-29974,-29975,-29975,-29976,-29976,-29977,-29975,-29978,-29978,-29979,-29975,0,-29981,-29982,-29985,-29982,-29983,-29984,-29984,-29984]} 1. d4 d5 2. Nf3 Nf6 3. c4 c6 4. Nc3 dxc4 5. a4 Bf5 6. Ne5 Nbd7 7. Nxc4 Qc7 8. g3 e5 9. dxe5 Nxe5 10. Bf4 Nfd7 11. Bg2 g5 {D17: Slav Defence: 5 a4 Bf5: Lines with 6 Nh4 and 6 Ne5} 12. Nxe5 gxf4 13. Nxd7 O-O-O 14. Qd4 Qxd7 15. Qxf4 Bd6 16. Qc1 {LiveBook: 20 Games} a5 (16... Kb8 17. O-O Qe6 18. a5 a6 19. Ra4 {1-0 (51) Sarana,A (2613)-Bocharov,I (2552) Ekaterinburg 2018}) 17. O-O Kb8 {[#]} 18. e4 $146 ({Predecessor:} 18. Qg5 Bc7 19. Qf6 {0-1 (43) Yu,Y (2760)-Andriasian,Z (2585) chess.com INT 2018}) 18... Be6 19. Qh6 Qc7 20. Rfd1 Be5 21. Bh3 Bb3 22. Rxd8+ Rxd8 23. Bg4 ({Don't go for} 23. Qxh7 $2 Rh8 $19) 23... Qb6 24. Qxh7 (24. Re1 $11) 24... Rd2 $1 $17 25. Qf5 f6 {Strongly threatening ...Be6!} 26. Nd1 Qd4 {[%cal Rb3d1]} 27. Qf3 Bxa4 28. Qc3 (28. h4 $142) 28... Qxc3 ({But not} 28... Rxd1+ $2 29. Bxd1 Qxd1+ 30. Rxd1 $18) ({Black should play} 28... Bxd1 29. Qxd4 Bxd4 30. Rxd1 Bxf2+ 31. Kg2 Rxb2) 29. Nxc3 (29. bxc3 $17 {was necessary.} b5 30. Kf1) 29... Bb3 $19 30. Nd1 a4 31. h4 (31. Kf1 $142) 31... a3 $1 32. Rxa3 Bxd1 33. Bxd1 Rxd1+ {[%mdl 4096] Endgame KRB-KR} 34. Kg2 Bxb2 35. Rb3 Ba1 36. h5 b5 37. h6 $2 (37. f4 {was the only chance.}) 37... Rd8 38. f4 (38. Kf3 $142 Rh8 39. Rb1) 38... Rh8 39. Rb1 Bd4 40. Rh1 Kc7 41. Kf3 Kd6 42. Ke2 $2 (42. g4) 42... Ke6 43. Kd3 c5 44. g4 Kf7 45. e5 fxe5 46. f5 e4+ 47. Kxe4 b4 {[%cal Bb5b4,Bb4b3,Bb3b2][%mdl 32]} 48. g5 b3 49. Kd3 b2 50. Kc2 Ra8 51. g6+ Kf6 52. g7 Kf7 53. f6 Bxf6 54. Rg1 Kg8 55. Rg6 Rb8 $2 {[#]} (55... Be5 {mates} 56. Rg5 Bd4 57. Rh5 Kh7 58. Rg5 Rb8 59. Kb1 Re8 60. Rg1 Bxg1 61. Kxb2 Kxh6 62. Ka2 Kxg7 63. Kb3 Rb8+ 64. Kc3 Rb4 65. Kc2 c4 66. Kc3 Bc5 67. Kd2 Bd4 68. Ke2 Rb3 69. Kd2 Rb2+ 70. Kc1 c3 71. Kd1 Be3 72. Ke1 Rf2 73. Kd1 c2+ 74. Ke1 c1=Q#) 56. Kb1 $2 {[%mdl 8192]} (56. h7+ $1 $11 {[%mdl 512]} Kxh7 {[#]} 57. g8=Q+ $1 {[%mdl 512]} Rxg8 58. Rxf6) 56... Bd4 {Black mates.} 57. Rc6 Kh7 58. Rc7 Kxh6 59. Rb7 Rg8 {Precision: White = 37%, Black = 86%.} 0-1

[Event "RUS-ch Rapid Men 2018"]
[Site "Sochi"]
[Date "2018.10.05"]
[Round "5"]
[White "Alekseenko, Kirill"]
[Black "Drygalov, Sergey"]
[Result "1-0"]
[WhiteElo "2639"]
[BlackElo "2446"]
[Annotator "TA"]
[PlyCount "115"]
[EventDate "2018.10.05"]
[EventType "swiss"]
[EventCountry "RUS"]
[SourceTitle "playchess.com"]
[Source "ChessBase"]
[SourceQuality "1"]

{[%evp 33,115,0,8,0,0,-21,-19,-58,5,18,16,-17,-12,-17,-15,-19,-12,-15,-14,-14,-6,-14,-6,-6,-7,-11,-9,-13,-12,-139,-16,-11,-12,-17,0,0,87,87,87,87,87,87,87,87,75,58,87,74,244,153,235,226,379,366,479,479,472,479,544,533,544,510,668,609,700,588,690,475,676,577,551,518,1291,1260,1056,855,1495,1179,2049,1304,29978,29978,29978,29978]} 1. e4 c5 2. Nf3 e6 3. d4 cxd4 4. Nxd4 Nc6 5. Nc3 a6 6. Be2 Qc7 7. O-O Nf6 8. Be3 Be7 9. f4 d6 10. a4 O-O 11. Kh1 Nxd4 12. Qxd4 e5 13. Qd2 exf4 {B85: Sicilian Scheveningen: 6 Be2 a6, lines with early Be3} 14. Bxf4 Be6 15. Rfd1 Rad8 {[#]} 16. a5 $146 ({Predecessor:} 16. h3 Rfe8 17. a5 Qc8 18. Qe3 d5 19. e5 {½-½ (19) Kindermann,S (2546)-Stanec,N (2566) Gmunden 2005}) 16... Rfe8 17. Bf3 Qc8 {LiveBook: 7 Games} 18. Rac1 Ng4 19. Bxg4 Bxg4 20. Rf1 Be6 (20... Bf6 $15) 21. Nd5 $11 Bxd5 22. Qxd5 Bf6 23. c3 Re6 24. Rcd1 Qc6 25. Rfe1 h6 26. Kg1 Qc7 27. Re2 Be5 28. Be3 {[#] Hoping for Bb6.} Rde8 29. Bf2 Rg6 30. Bb6 Qe7 {White must now prevent ...Qh4.} 31. Rf1 {[#]} (31. Rf2 $11 {keeps the balance.}) 31... Rg5 ({Black should play} 31... Qh4 $1 $17 32. g3 (32. Qxf7+ $2 Kh7 $19) 32... Bxg3) 32. Qd3 Bf6 33. Re3 Re5 (33... Qd7 {seems wilder.} 34. Rd1 Be5 35. Rf1 Qe6 36. Ref3 Bf6) 34. Bd4 $36 {[%mdl 2048] White has good play.} Rxe4 (34... Re6 $11 {remains equal.}) 35. Rxe4 $16 Qxe4 36. Qxe4 Rxe4 37. Bxf6 gxf6 38. Rxf6 $11 {[%mdl 4096] Endgame KR-KR} Re1+ 39. Kf2 Rb1 40. b4 ({Reject} 40. Rxh6 $6 Rxb2+ 41. Kg3 Rd2 $11) 40... Rd1 $2 (40... Rb2+ $16 {keeps fighting.} 41. Ke3 h5) 41. Ke2 Rd5 (41... Rg1 $16 {was worth a try.}) 42. Rxh6 $18 Kf8 $2 (42... Kg7 43. Rh4 Kf6) 43. Rh8+ Ke7 44. Rb8 Rb5 45. g4 Kf6 46. h4 {[%cal Bh2h4,Bh4h5][%mdl 32]} Kg7 47. Ke3 Kf6 48. Kd4 Ke7 49. h5 Rg5 50. Rxb7+ Ke6 51. Rb6 Rxg4+ 52. Kd3 f5 (52... Rg3+ $142 53. Kc4 f5 54. Rxa6 Rg4+ 55. Kb3 Rg8) 53. Rxa6 Rg3+ 54. Kd2 f4 55. Ra8 Rg2+ 56. Ke1 Rh2 57. a6 Ra2 58. h6 {Precision: White = 68%, Black = 36%.} 1-0

[Event "RUS-ch Rapid Men 2018"]
[Site "Sochi"]
[Date "2018.10.05"]
[Round "5"]
[White "Rakhmanov, Aleksandr"]
[Black "Nazaretyan, Tigran"]
[Result "1-0"]
[WhiteElo "2634"]
[BlackElo "2248"]
[Annotator "TA"]
[PlyCount "130"]
[EventDate "2018.10.05"]
[EventType "swiss"]
[EventCountry "RUS"]
[SourceTitle "playchess.com"]
[Source "ChessBase"]
[SourceQuality "1"]

{[%evp 12,130,4,3,6,0,0,-1,1,-9,-7,-7,8,6,19,9,30,24,66,27,54,33,63,18,140,118,120,133,113,96,149,156,195,133,132,132,217,142,148,131,142,151,133,158,150,147,148,133,138,129,130,97,95,91,125,97,86,65,68,59,153,167,187,217,275,267,344,268,304,283,305,316,339,322,701,904,630,663,729,635,576,870,783,787,743,711,1412,1437,908,750,2656,2804,2343,2093,5285,4970,29969,5089,29978,29979,29979,29980,29980,29981,29981,29982,29982,29981,29981,29982,29981,0,29978,29979,29983,29984,29984,29985,29984,29985,29986]} 1. c4 Nf6 2. Nc3 g6 3. g3 Bg7 4. Bg2 O-O 5. d3 c5 6. Nh3 Nc6 7. Nf4 {LiveBook: 5 Games. A36: Symmetrical English vs ...g6: 4 Bg2 Bg7} Rb8 (7... a6 8. Qd2 e6 9. O-O Rb8 10. b3 d5 11. Ba3 Qa5 12. cxd5 Nxd5 13. Nfxd5 exd5 14. Bb2 Bg4 {1-0 (31) Timofeev,A (2564)-Almasi,I (2415) Budapest 2017}) 8. h4 $146 ({Predecessor:} 8. Nfd5 d6 9. Rb1 e6 10. Nxf6+ Qxf6 11. h4 h6 12. Bf4 Qe7 13. Qd2 Kh7 14. g4 e5 15. Bxh6 Bxh6 {0-1 (85) Gheng,J (2376)-Smolny,F (2156) Stuttgart 2015}) 8... h5 9. Qd2 {The position is equal.} a6 10. b3 b5 11. Bb2 Nd4 12. e3 Nf5 13. O-O Bb7 14. Ne4 Qb6 15. Rad1 Rfd8 16. Bc3 $36 {[%mdl 2048] aiming for Ba5. White fights for an advantage.} b4 {...Nxe4 is the strong threat.} 17. Bxf6 Bxf6 (17... exf6 $11 {remains equal.} 18. Qe2 a5) 18. Nxf6+ $16 Qxf6 19. Bxb7 Rxb7 20. d4 Rc8 (20... Qc6 $142) 21. dxc5 Rxc5 22. Nd5 (22. e4 $1 $18 Ng7 23. Nd5) 22... Qe5 23. e4 $1 {[%cal Re4f5]} (23. Nxb4 $6 Nxg3 24. Nd3 (24. fxg3 Qxg3+ 25. Qg2 Qxe3+ 26. Qf2 Qxf2+ 27. Kxf2 Rxb4 $15) 24... Nxf1 $11) 23... Nd6 {[#]} (23... Qxe4 $16 24. Rfe1 (24. Nxb4 $2 Nxh4 25. f4 Nf3+ 26. Rxf3 Qxf3 $19) 24... Qf3) 24. Nxe7+ $1 {[%mdl 512]} Qxe7 25. Qxd6 Qxd6 26. Rxd6 $18 {[%mdl 4096] Endgame KRR-KRR} Ra5 27. Rd2 Kf8 28. f4 Ke7 29. Rfd1 Ra3 30. Kf2 a5 31. Ke3 a4 32. Rb2 Rb6 33. c5 Rc6 34. Rc1 axb3 35. axb3 Ke6 (35... Ra5 $14) 36. e5 $16 f6 37. Kd4 fxe5+ 38. fxe5 Kf5 39. Re1 Kg4 40. Re3 Ra1 {[#]} 41. Rc2 $1 Rg1 42. Kd5 Rxg3 $2 (42... Rd1+ 43. Kc4 Re6 44. Kxb4 Rd5 45. Rc4+ Kh3) 43. Rc4+ $18 Kh3 44. Rxg3+ Kxg3 45. Rxb4 {KR-KR} g5 46. hxg5 h4 47. Rb7 h3 48. Rxd7 Rh6 49. Ke4 Rh4+ 50. Kf5 Rf4+ 51. Ke6 h2 52. Rd1 Kg2 {[#]} 53. g6 $1 {[%cal Rg6g7]} ({And not} 53. c6 Rf1 $11) 53... Rg4 54. Kf5 Kh3 55. Rh1 Rg1 {[#]} 56. Rxh2+ $1 {[%mdl 512]} Kxh2 {KR-KP} 57. c6 Rf1+ 58. Ke6 Rc1 59. Kd7 Rd1+ 60. Ke7 Rc1 61. Kd7 Rd1+ 62. Ke8 {White mates.} Rg1 63. c7 Rc1 64. g7 Rxc7 65. g8=Q Kh3 {Precision: White = 72%, Black = 41%.} 1-0

[Event "RUS-ch Rapid Men 2018"]
[Site "Sochi"]
[Date "2018.10.05"]
[Round "5"]
[White "Lysyj, Igor"]
[Black "Dzhumagaliev, Yan"]
[Result "1-0"]
[WhiteElo "2631"]
[BlackElo "2410"]
[Annotator "TA"]
[PlyCount "73"]
[EventDate "2018.10.05"]
[EventType "swiss"]
[EventCountry "RUS"]
[SourceTitle "playchess.com"]
[Source "ChessBase"]
[SourceQuality "1"]

{[%evp 16,73,0,0,0,0,33,24,20,24,47,23,19,26,92,40,51,50,71,63,118,125,119,118,114,120,145,137,168,143,166,73,90,85,93,99,127,110,103,82,79,97,89,0,0,-127,-133,-168,110,22,17,25,25,25,111,88,456,450,1076,1068]} 1. d4 Nf6 2. c4 e6 3. Nf3 d5 4. g3 Be7 5. Bg2 O-O 6. b3 dxc4 7. bxc4 c5 8. O-O cxd4 {A14: Reti-Eröffnung} 9. Nxd4 {LiveBook: 10 Partien} Qb6 10. Ba3 $146 ({Vorgänger:} 10. Nb3 Rd8 11. Qc2 Nc6 12. Be3 Qa6 13. N1d2 Bd7 14. Nc5 Bxc5 15. Bxc5 Rac8 16. Rfc1 {0-1 (35) So,W (2788)-Dominguez Perez,L (2739) Saint Louis 2017}) 10... Bc5 {Die Stellung ist ausgeglichen.} 11. Bxc5 Qxc5 12. Qd3 Na6 13. Nd2 Rd8 14. N2b3 Qe7 (14... Qb6 $11 {hält das Gleichgewicht.}) 15. Qe3 (15. Rad1 $16 {Sc6 ist eine echte Drohung.} Rd7 16. Qe3) 15... e5 16. Nb5 Ng4 17. Qc3 Be6 ({Günstiger ist} 17... Nc7 $14) 18. h3 $16 Nf6 19. Qxe5 Qd7 20. Rfd1 Qxd1+ 21. Rxd1 Rxd1+ 22. Kh2 Bxc4 23. Nc3 (23. Nd6 $18 {ist viel giftiger.} Bd5 24. Nd4) 23... Rd7 {[#]} 24. Na5 $1 {[%cal Ra5c4]} Re8 25. Qf4 Be6 26. Bxb7 Nb8 27. e4 h6 28. Nb5 Red8 29. Nxa7 (29. a4 $16) 29... Rd2 $11 {Und weiter mit ...Sh5 wäre nett.} 30. N7c6 (30. Bd5 $11 Rb2 31. Nc4 Rxa2 32. Bxe6 fxe6 33. Qe3) 30... Nxc6 31. Nxc6 {[#]} R8d7 $2 (31... Nh5 $1 $19 {[%cal Rh5f4]} 32. Qe3 R8d3) 32. Ne5 (32. Bc8 $16 R7d3 33. Ba6) 32... Rd8 $1 33. Bd5 {Schwarz muss nun Sxf7 beachten.} Rc2 34. Nc6 $36 {[%mdl 2048] Weiss kämpft um Vorteil.} Re8 (34... Bxd5 $11 35. Ne7+ (35. Nxd8 Nxe4 36. Qb8 Kh7 $17) 35... Kh8 36. Nxd5 (36. exd5 Re2 $11) 36... Nxd5 37. exd5 f5) 35. Nd4 Nxd5 $4 {[%mdl 8192]} (35... Rb2 $16) 36. exd5 $18 g5 (36... Rxa2 $142 37. dxe6 fxe6) 37. Qf6 {Precision: Weiß = 53%, Schwarz = 30%.} 1-0